Statistics for Final Fantasy IV

Click here to take the quiz!

General Stats

  • This quiz has been taken 150 times
  • The average score is 29 of 43

Answer Stats

HintAnswer% Correct
Who is the protagonist?Cecil Harvey
100%
Who is the protagonist's best friend?Kain Highwind
100%
Who is the main villain?Golbez
97%
Who is in love with ^?Rosa Joanna Farrell
97%
Who is the world's greatest engineer?Cid Pollendina
94%
Who is orphaned by a fire?Rydia
91%
What class does the protagonist transform into?Paladin
90%
How many crystals are there in total?8
89%
What extraterrestrial object do you land on?Moon
89%
Who is the prince of Damcyan?Edward Chris von Muir
88%
What ninja pince takes his people into hiding?Edge Geraldine
86%
Who is Anna's father?Tellah
85%
What kingdom do they live in?Baron
83%
What race of beings lives underground?Dwarves
82%
What twins accompany you to the top of Mt. Ordeals?Palom
82%
What is the world's strongest Air Force called?Red Wings
82%
What monk joins you atop Mt. Hobs?Yang Fang Leiden
81%
Porom
80%
What year was Final Fantasy IV released?1991
79%
What platform was Final Fantasy IV originally released on?Super Nintendo Entertainment System/Super Famicom
75%
Who does ^ transform into?Zeromus
75%
What long lost connection are the protagonist and villain revealed to share?They're Brothers
72%
What structure reaches from the Earth's core up to the sky?Tower of Babil
72%
What substance does the Dark Elf render useless in the Cave of Power?Metal
69%
Who is controlling ^?Zemus
66%
What is the city of mages?Mysidia
64%
Final Fantasy IV saw its initial American release under what title?Final Fantasy II
63%
Who tells you about ^?Fusoya
60%
Who composed the music for Final Fantasy IV?Nobuo Uematsu
60%
What vehicle can travel over shallow water?Hovercraft
57%
From what race does the protagonist descend?Lunarians
57%
What vehicle can fly in space?Lunar Whale
55%
Who is the Archfiend of Water?Cagnazzo
52%
What usually tame animal mysteriously attacks?Antlion
47%
Who is the Archfiend of Fire?Rubicante
47%
What do you use to awaken your monk friend?Frying Pan
42%
Who is the Archfiend of Earth?Scarmiglione
42%
What massive entity is sent to destroy the human race?Giant of Babil
40%
Where does the villain hold the protagonist's girlfriend?Tower of Zot
35%
Who is the Archfiend of Wind?Barbariccia
31%
What hidden land is home to legendary monsters?Feymarch
28%
Where does the final conflict take place?Lunar Subterrane
25%
Who is the world's best smithy?Kokkol
11%

Score Distribution

Percentile by Number Answered

Percent of People with Each Score

Your Score History

You have not taken this quiz